Les lessons de la défaite / (Record no. 112828)
[ view plain ]
| 000 -LEADER | |
|---|---|
| campo de control de longitud fija | 00775nam a2200217 4500 |
| 001 - NÚMERO DE CONTROL | |
| campo de control | 112828 |
| 003 - IDENTIFICADOR DE NÚMERO DE CONTROL | |
| campo de control | ES-MaACL |
| 005 - FECHA Y HORA DE LA ÚLTIMA TRANSACCIÓN | |
| campo de control | 20230906185639.0 |
| 007 - CAMPO FIJO DE DESCRIPCIÓN FÍSICA--INFORMACIÓN GENERAL | |
| campo de control de longitud fija | t| |
| 008 - DATOS DE LONGITUD FIJA--INFORMACIÓN GENERAL | |
| campo de control de longitud fija | 061121s1925 fr r ||||1| fre d |
| 100 1# - ENTRADA PRINCIPAL--NOMBRE DE PERSONA | |
| Nombre de persona | Novoak, K. F. |
| 9 (RLIN) | 86098 |
| 245 14 - MENCIÓN DEL TÍTULO | |
| Título | Les lessons de la défaite / |
| Mención de responsabilidad, etc. | K. F. Novoak; traduction française par H. Simondet et G. Bernard. |
| 260 ## - PUBLICACIÓN, DISTRIBUCIÓN, ETC. | |
| Lugar de publicación, distribución, etc. | Saint-Amand (Cher, [Francia]) : |
| Nombre del editor, distribuidor, etc. | [s. n.], |
| Fecha de publicación, distribución, etc. | 1925 ( |
| Fabricante | Imp. Bussiere) |
| 300 ## - DESCRIPCIÓN FÍSICA | |
| Extensión | 648 p. ; |
| Dimensiones | 23 x 14 cm. |
| 490 1# - MENCIÓN DE SERIE | |
| Mención de serie | Collection de memoires pour servir a l'histoire du le guerre |
| 700 1# - ENTRADA AGREGADA--NOMBRE PERSONAL | |
| Nombre de persona | Simondet, H. |
| 9 (RLIN) | 106557 |
| 700 1# - ENTRADA AGREGADA--NOMBRE PERSONAL | |
| Nombre de persona | Bernard, G. |
| 9 (RLIN) | 28235 |
| 830 0# - PUNTO DE ACCESO ADICIONAL DE SERIE-TÍTULO UNIFORME | |
| Título uniforme | Collection de memoires pour servir a l'histoire du le guerre |
| 9 (RLIN) | 233152 |
| 852 ## - LOCALIZACIÓN | |
| Ubicación | ES-MaACL |
| Número de control de estantería | F-5468 |
| Sublocalización o colección | R.5022 |
| Estatus retirado | Estado de pérdida | Estado de daño | No para préstamo | Biblioteca de origen | Biblioteca actual | Ubicación en estantería | Fecha de adquisición | Fuente de adquisición | Total de préstamos | Signatura topográfica completa | Código de barras | Visto por última vez | Precio de reemplazo | Tipo de ítem Koha |
|---|---|---|---|---|---|---|---|---|---|---|---|---|---|---|
| Biblioteca del Ateneo de Madrid | Biblioteca del Ateneo de Madrid | Depósito 2 | 17/01/2008 | F-5468 | 1117689 | 23/02/2023 | 23/02/2023 | Libro impreso |
